00349 a2200097 4500001001000000005001700010008004100027245008700068100002400155773007200179ART_4125820260410161605.0260409a 10aComparación de los flujos de fondos de los diferentes sistemas de amortización1 aAlonso, Juan Carlos0 tProfesional & Empresariag- Año XVIII, Nº 210 (mar. 2017)wREV70